000 01869cam a22004694i 4500
003 PE-LiUPU
005 20250731173416.0
008 150706s2009 flu r 000 0 spa d
020 _a9781928980254
035 _a(Sirsi) i9781928980254
040 _aPE-LiUPU
_bspa
_cPE-LiUPU
_erda
049 _aPRUA
082 0 4 _a234.9
_bS77
_221
100 1 _aSproul, R. C.,
_eautor.
245 1 0 _aEscogidos por Dios /
_cR. C. Sproul.
250 _a2a. edición.
264 1 _a[Florida], USA :
_bFaro de Gracia,
_c[2009].
300 _a149 páginas ;
_c21 centímetros
336 _atext
_2rdacontent
337 _aunmediated
_2rdamedia
338 _avolume
_2rdacarrier
505 0 _aEl conflicto -- La predestinación y la soberanía de Dios -- La predestinación y el libre albedrío -- La caída de Adán y la mía -- Muerte espiritual y vida espiritual: nuevo nacimiento y fe -- Presciencia y predestinación -- ¿Existe la doble predestinación? -- ¿Podemos saber que somos salvos? -- Cuestiones y objeciones sobre la predestinación.
526 _aSEG42
526 _aSEG41
526 _aSEG40
526 _aSEG39
526 _aP94
526 _aP87
526 _aP86
526 _aP85
526 _aP77
526 _aP76
526 _aP35
541 _g001-0000567;
650 0 4 _aPredestination.
910 _agl
_bjv
_clch
_d20120525
942 _2ddc
_cBOOK
949 _a234.9 S77
_wDEWEY
_c1
_i64703
_lCCODEBUL1
_mBUL
_p13.00
_r0
_sY
_tBOOK
_u2015-7-6
_xTEOLOGIA
_PP35
_o.STAFF. Colección General
994 _aC0
_bPEPRU
596 _a1
999 _a234.9 S77
_wDEWEY
_c53408
_i64703
_d53408
_e2018-10-2
_f2021-11-10
_g5
_lCCODEBUL1
_mBUL
_n3
_p13.00
_q1
_r0
_sY
_tBOOK
_u2015-7-6
_xTEOLOGIA
_PP35
_0COMPRA
_o.STAFF. Colección Teología
980 _81
_gALBERTO SANCHEZ Responsable de Automatización